Applied Analytics Through Case Studies Using SAS And R (Record no. 349714)

MARC details
000 -LEADER
fixed length control field 00520nam a2200169Ia 4500
008 - FIXED-LENGTH DATA ELEMENTS--GENERAL INFORMATION
fixed length control field 230718s9999 xx 000 0 und d
020 ## - INTERNATIONAL STANDARD BOOK NUMBER
International Standard Book Number 9781484240465
041 ## - LANGUAGE CODE
Language code of text/sound track or separate title eng
082 ## - DEWEY DECIMAL CLASSIFICATION NUMBER
Classification number 005.13'3074
Item number GUP
100 ## - MAIN ENTRY--PERSONAL NAME
Personal name Gupta D.
245 ## - TITLE STATEMENT
Title Applied Analytics Through Case Studies Using SAS And R
Remainder of title Implementing Predictive Models And Machine Learning Techniques
260 ## - PUBLICATION, DISTRIBUTION, ETC. (IMPRINT)
Date of publication, distribution, etc. 2019
Name of publisher, distributor, etc. Apress
300 ## - PHYSICAL DESCRIPTION
Extent 404
365 ## - TRADE PRICE
Currency code Rs.
Price amount 1049.00
700 ## - ADDED ENTRY--PERSONAL NAME
Personal name Gupta D.
906 ## - LOCAL DATA ELEMENT F, LDF (RLIN)
d O:0642501-Mar-2019B:507725-Feb-2019
c TC
b 230.78
Holdings
Withdrawn status Lost status Damaged status Not for loan Home library Current library Date acquired Vendor Budget Code Cost, normal purchase price Bill number Total Checkouts Full call number Barcode Date last seen Discount Cost, replacement price Bill Date Koha item type Original Barcode
        Cummins College of Engineering for Women Pune Cummins College of Engineering for Women Pune 01/03/2019 Technical Book Services TC 818.22 5077   005.13'3074 CCEP-BK-60921 18/07/2023 230.78 1049.00 25/02/2019 Books 060921